Catálogo

Administración de riesgos E.R.M. y la auditoría interna / (Registro nro. 30117)

Detalles MARC
000 -LEADER
fixed length control field 01251nam a2200337 i 4500
001 - CONTROL NUMBER
control field 30117
003 - CONTROL NUMBER IDENTIFIER
control field Mx-PuUPA
005 - DATE AND TIME OF LATEST TRANSACTION
control field 20250331121007.0
008 - FIXED-LENGTH DATA ELEMENTS--GENERAL INFORMATION
fixed length control field 140415s2015 ck a gr 001 0 spa d
020 ## - INTERNATIONAL STANDARD BOOK NUMBER
International Standard Book Number 9789587711127
020 ## - INTERNATIONAL STANDARD BOOK NUMBER
International Standard Book Number 9789587710922
Qualifying information e-ISBN
040 ## - CATALOGING SOURCE
Transcribing agency Mx-PuUPA
Original cataloging agency Mx-PuUPA
Language of cataloging spa
Modifying agency Mx-PuUPA
Description conventions rda
041 0# - LANGUAGE CODE
Language code of text/sound track or separate title spa
100 1# - MAIN ENTRY--PERSONAL NAME
Personal name Estupiñán Gaitán, Rodrigo,
Relator term autor
9 (RLIN) 14343
245 10 - TITLE STATEMENT
Title Administración de riesgos E.R.M. y la auditoría interna /
Statement of responsibility, etc. Rodrigo Estupiñán Gaitán
250 ## - EDITION STATEMENT
Edition statement 2a. ed.
264 #1 - PRODUCTION, PUBLICATION, DISTRIBUTION, MANUFACTURE, AND COPYRIGHT NOTICE
Place of production, publication, distribution, manufacture Bogotá, Colombia :
Name of producer, publisher, distributor, manufacturer Ecoe ediciones,
Date of production, publication, distribution, manufacture, or copyright notice 2014
300 ## - PHYSICAL DESCRIPTION
Extent 481 páginas :
Other physical details ilustraciones ;
Dimensions 24 cm
336 ## - CONTENT TYPE
Fuente rdacontent
Content type term texto
Content type code txt
337 ## - MEDIA TYPE
Source rdamedia
Media type term sin medio
Media type code n
338 ## - CARRIER TYPE
Source rdacarrier
Carrier type term volumen
Carrier type code nc
490 0# - SERIES STATEMENT
Series statement Colección Ciencias Empresariales
500 ## - GENERAL NOTE
General note Reimpresiones: (Bogotá, abril de 2017 ; Bogotá, enero de 2018 ; México, enero de 2018)
650 #7 - SUBJECT ADDED ENTRY--TOPICAL TERM
Source of heading or term armarc
Topical term or geographic name entry element Auditoría Interna
650 #7 - SUBJECT ADDED ENTRY--TOPICAL TERM
Source of heading or term armarc
Topical term or geographic name entry element Administración de riesgos
650 #7 - SUBJECT ADDED ENTRY--TOPICAL TERM
Source of heading or term armarc
Topical term or geographic name entry element Administración financiera
942 ## - ADDED ENTRY ELEMENTS (KOHA)
Source of classification or shelving scheme Dewey Decimal Classification
Koha item type Libro
Classification part 657.458
Item part E75
Existencias
Withdrawn status Lost status Source of classification or shelving scheme Damaged status Not for loan Collection code Home library Current library Shelving location Date acquired Source of acquisition Cost, normal purchase price Total Checkouts Full call number Barcode Date last seen Copy number Cost, replacement price Price effective from Koha item type
    Dewey Decimal Classification     General Biblioteca Karol Wojtyla Biblioteca Karol Wojtyla Sala general 07/03/2025 1 628.00   657.458 E75 2015 105891 05/01/2026 Ej.2 628.00 07/03/2025 Libro
    Dewey Decimal Classification     General Biblioteca Karol Wojtyla Biblioteca Karol Wojtyla Sala general 07/03/2025 1 628.00   657.458 E75 2015 105890 05/01/2026   628.00 07/03/2025 Libro